Регионална библиотека "Любен Каравелов" - Русе

БУДИЛНИК (Запис номер 291766)

MARC детайли
000 -Лидер
Контролно поле с фиксирана дължина 01716nas a2200385 c 4500
001 - Контролен номер на записа
Контролно поле 291766
003 - Код на организацията, давaща контролен номер
Контролно поле BLK
005 - Дата и час на последна редакция
Контролно поле 20240223111118.0
008 - Елементи от данни с фиксирана дължина
fixed length control field 180413b bul raner|||| |0| c1bulo|
010 ## - Наследен системен номер
LC control number PRD00002663000
022 ## - Международен стандартен номер на серия ISSN
Международният стандартен номер на серията ISSN C605-496X
040 ## - Източник на каталожния запис
Идентификатор на билиотеката - собственик на записа BLK
041 ## - Код за език
Код за езика на текст/звукозапис или на отделно заглавие Български
Код за езика КДБФ Български
080 ## - УДК
Текстов определител УДК Международни политически отношения. Световна политика. Международна политика. Дипломация
УДК код - определител по УДК 327
УДК определител (497.215)
УДК - код + определител 327(497.215)
110 1# - Редна дума - колетивен орган
Редна дума - наименование на организация или юридическо лице Изд. на Клуба Приятели на Германия и немскоговорящите страни
Авторска отговорност (Описва отношението между автора и произведението) Ред. кол.: Константин Бакалов - глав. ред. и др.
9 (RLIN) 358211
245 10 - Сведения за заглавието
Заглавие БУДИЛНИК
Подзаглавни данни Вестник за приятелство, култура и бизнес
Редно поле (дума) Изд. на Клуба Приятели на Германия и немскоговорящите страни ; Ред. кол.: Константин Бакалов - глав. ред. и др.
Дата на създаване на произведението Начална год. на издаване: Год. 1, № 1 (1991),
257 ## - Страна на издаване
Страна на създаване/издаване България
260 ## - Област на издателските данни
Име на издателя, разпространителя и проч. Клуб Приятели на Германия и немскоговорящите страни
Година на издаване 1991
Печатница ДФ Дунав-прес
300 ## - Физическа характеристика
Размери/Мащаб 42
310 ## - Текуща периодчност на изданието
Срок за съхранение срок за съхранение: 99
380 ## - Жанр
Жанр Обществени науки
852 ## - Местоположение
Форматна сигнатура В 851
852 ## - Местоположение
Форматна сигнатура К 0/Б 84
856 ## - Електронен адрес и достъп
Електронен формат pdf - файл
Път до файла /url/
856 ## - Електронен адрес и достъп
Електронен формат pdf - файл
Път до файла /url/
942 ## - АРТИКУЛИ
Вид на библиотечния материал Вестници
Скрит в OPAC Не
Периодичен библиозапис Да
944 ## - СЪЗДАВАНЕ И РЕДАКЦИЯ на ЗАПИСА
Създаване/Редакция Създаване
Дата на регистрацията/редакция Вася_Ганчева
Служител, извършил регистрацията/редакцията 30545
Статус, дата на статуса Нора Радева
944 ## - СЪЗДАВАНЕ И РЕДАКЦИЯ на ЗАПИСА
Създаване/Редакция Редакция
Служител, извършил регистрацията/редакцията 03.06.2014
999 ## - СИСТЕМНИ КОНТРОЛНИ НОМЕРА
Koha biblionumber 291766
Koha biblioitemnumber 291766
999 ## - СИСТЕМНИ КОНТРОЛНИ НОМЕРА
Koha biblioitemnumber 291766
999 ## - СИСТЕМНИ КОНТРОЛНИ НОМЕРА
Koha biblioitemnumber 291766
999 ## - СИСТЕМНИ КОНТРОЛНИ НОМЕРА
Koha biblioitemnumber 291766
999 ## - СИСТЕМНИ КОНТРОЛНИ НОМЕРА
Koha biblioitemnumber 291766
999 ## - СИСТЕМНИ КОНТРОЛНИ НОМЕРА
Koha biblioitemnumber 291766
999 ## - СИСТЕМНИ КОНТРОЛНИ НОМЕРА
Koha biblioitemnumber 291766
Наличности
Код за отписване Код за изгубен артикул Източник на класификационната схема Код за повреда Коз за рестрикции Код за отдаване Артикулен № Име на библиотеката - собственик Име на библиотеката, в която се намира в момента Статус (Текущо местоположение) Дата на вписване в системата Местоположение - отдел Цена в лева Номерация (Хронология) Инвентарен номер Систематично азбучна сигнатура Баркод Номер на екземпляра Цена в евро Служебна бележка Служебен тип на артикула Бележка за публиката
  Не е изгубен Universal Decimal Classification Не е повреден без рестрикции ползва се в читалня 576072 Регионална библиотека "Любен Каравелов" Русе Регионална библиотека "Любен Каравелов" Русе Хранилище 1991-01-01 Хранилище 0.00 Обхват на том: 1-9 598337 В 851 130000598337 1 0.00 Дост: Dp, Вид: Д, N: стар фонд, Годиш. инв.: 1, Дата инв: 03.06.2014, Бележки инв: Цб2014 Вестници Год. на изд.: 1991
  Не е изгубен Universal Decimal Classification Не е повреден без рестрикции ползва се в читалня 576073 Регионална библиотека "Любен Каравелов" Русе Регионална библиотека "Любен Каравелов" Русе Краезнание 2011-03-11 Краезнание 0.40 Обхват на том: 2-9 130000717591 В 851 130000717591 2 0.20 Дост: DA, N: стар фонд, Годиш. инв.: 1, Дата инв: 10.11.2014, Бележки инв: Цб2014 Вестници Год. на изд.: 1991, Липси: 1
Vip Innovations Ltd, Rousse, Bulgaria 2025